| 000 | 00421nam a22001697a 4500 | ||
|---|---|---|---|
| 008 | 230223b ||||| |||| 00| 0 eng d | ||
| 020 | _a9788120417083 | ||
| 082 |
_a150.72 _bWOE |
||
| 100 | _aWoodworth Robert S. | ||
| 245 |
_aExperimental Psychology _cBy Robert S. Woodworth |
||
| 260 |
_aIndia _bCBS _c2022 |
||
| 300 | _a948p. | ||
| 650 | _aPSYCHOLOGY | ||
| 700 | _aSchlosberg Harold | ||
| 942 | _cBK | ||
| 999 |
_c45705 _d45705 |
||
| 041 | _aeng | ||